000 00710nam a2200229 i 4500
001 75651
003 ES-MaACL
005 20230906172533.0
007 t|
008 040927s1911 fr ||||1| fre d
100 1 _aGrasset, Joseph (
_d1849-1918)
_9152573
245 1 0 _aThérapeutique des maladies du systeme nerveuse /
_cpar J. Grasset et L. Rimbaud.
250 _a10ème ed.
260 _a[S.l. :
_bs.n.],
_c1911 (
_eTours :
_fMape)
300 _a600 p. ;
_c18 cm.
490 1 _aEnciclopedie scientifique
650 0 4 _aSistema nervioso-
_xEnfermedades.
_917135
700 1 _aRimbaud, L.
_997240
830 0 _aEnciclopedie scientifique
_9183500
852 _aES-MaACL
_jD-4298
999 _c75651
_d75651